书目信息 |
| 题名: |
千万别管孩子
|
|
| 作者: | 宇飞 著 | |
| 分册: | ||
| 出版信息: | 北京 中国经济出版社 2001 |
|
| 页数: | 10,379页 | |
| 开本: | 20cm | |
| 丛书名: | 自主教育系列案例丛书 | |
| 单 册: | ||
| 中图分类: | G78 , B844.1 | |
| 科图分类: | ||
| 主题词: | 儿童教育--家庭教育 , 家庭教育 , 儿童教育 , 发展心理学 | |
| 电子资源: | ||
| ISBN: | 7-5017-5328-8 | |
| 000 | 00915oam2 2200301 450 | |
| 001 | 1254022195 | |
| 005 | 20120929150234.26 | |
| 010 | @a7-5017-5328-8@dCNY25.00 | |
| 100 | @a20011107d2001 em y0chiy0110 ea | |
| 101 | 0 | @achi |
| 102 | @aCN@b110000 | |
| 105 | @aa z 000yy | |
| 106 | @ar | |
| 200 | 1 | @a千万别管孩子@Aqian wan bie guan hai zi@e自主教育哈佛启示录@f宇飞著 |
| 210 | @a北京@c中国经济出版社@d2001 | |
| 215 | @a10,379页@c照片@d20cm | |
| 225 | 2 | @a自主教育系列案例丛书 |
| 330 | @a本书包括:学习能力、创新能力、自信自立、自律、积极乐观、执着追求、理性务实、责任感、冷静、开放十章内容。 | |
| 461 | 0 | @12001 @a自主教育系列案例丛书 |
| 606 | 0 | @a儿童教育@x家庭教育 |
| 606 | 0 | @a家庭教育 |
| 606 | 0 | @a儿童教育 |
| 606 | 0 | @a发展心理学 |
| 690 | @aG78@v4 | |
| 690 | @aB844.1@v4 | |
| 701 | 0 | @a宇飞@Ayu fei@4著 |
| 801 | 0 | @aCN@bNLC@c20011112 |
| 905 | @a10447@dB844.1@eJY146 | |
| 千万别管孩子:自主教育哈佛启示录/宇飞著 .-北京:中国经济出版社,2001 |
| 10,379页:照片;20cm .-(自主教育系列案例丛书 ) |
| ISBN 7-5017-5328-8:CNY25.00 |
| 本书包括:学习能力、创新能力、自信自立、自律、积极乐观、执着追求、理性务实、责任感、冷静、开放十章内容。 |
| ● |
| 相关链接 |
|
|
|
|
正题名:千万别管孩子
索取号:B844.1/JY146
 
预约/预借
| 序号 | 登录号 | 条形码 | 馆藏地/架位号 | 状态 | 备注 |
| 1 | 7830441 | 278304416 | 学院路分馆/ [索取号:B844.1/JY146] | 在馆 | |
| 2 | 7830442 | 278304425 | 学院路分馆/ [索取号:B844.1/JY146] | 在馆 |